| 000 | 00433nam a2200157 i 4500 | ||
|---|---|---|---|
| 001 | 67980 | ||
| 003 | ES-MaACL | ||
| 005 | 20230906170200.0 | ||
| 007 | t| | ||
| 008 | 040217s1973 sp ||||1| spa d | ||
| 100 | 1 |
_aGallego Vila, Alfonso. _953591 |
|
| 245 | 1 | 0 |
_aAyer está a volver / _cAlfonso Gallego Vila. |
| 260 |
_aLa Coruña : _bMoret, _c[1973] |
||
| 300 |
_a116 p., 3 lám. ; _c19 cm. |
||
| 852 |
_aES-MaACL _jC-52871 _bR.86209 |
||
| 999 |
_c67980 _d67980 |
||